[Event "5th DA Tan Malaysian Open"]
[Site "Kuala Lumpur MAS"]
[Date "2008.08.18"]
[Round "1"]
[White "Foo,Be"]
[Black "Mas,H"]
[Result "0-1"]
[WhiteElo "1997"]
[BlackElo "2386"]

1.e4 c5 2.Nf3 d6 3.d4 cxd4 4.Nxd4 Nf6 5.Nc3 a6 6.Be3 e5 7.Nb3 Be7 8.f3 O-O
9.Qd2 Be6 10.O-O-O Nbd7 11.g4 b5 12.h4 b4 13.Na4 d5 14.g5 d4 15.Bxd4 exd4
16.Nxd4 Qa5 17.gxf6 Nxf6 18.Nxe6 Qxa4 19.Nxf8 Qxa2 20.Qd4 Kxf8 21.Bc4 Qa1+
22.Kd2 Qa5 23.Ra1 Qc7 24.Kc1 Rd8 25.Bd5 Qf4+ 26.Qd2 Qxf3 27.Qd1 Qf4+ 28.Qd2 Qxd2+
29.Kxd2 Nxe4+ 30.Ke3 Ng3 31.Rh3 Nf5+ 32.Ke4 Nxh4 33.Rxa6 g5 34.Rg3 f5+ 35.Kd4 Ng6
36.Kc4 Kg7 37.Re6 g4 38.Be4 Bh4 39.Rg1 Bf2 40.Rg2 Rd4+ 41.Kb3 g3 42.Bxf5 Nf4
43.Rxg3+ Bxg3 44.Re4 Rxe4 45.Bxe4 Be1 46.c3 bxc3 47.bxc3 h5 48.c4 Ne6 49.Kc2 Kf6
50.Kd1 Bb4 51.Ke2 Ke5 52.Bd5 Ng5 53.Ke3 Bc5+ 54.Ke2 Kf4 55.Kf1 Kg3 56.Ke2 Nh3
57.Bh1 Nf2 58.Bd5 h4 59.Bf3 h3 60.Bd5 h2 61.Bc6 h1=Q 62.Bxh1 Nxh1 63.Kd3 Kf3
64.Kc3 Ng3 65.Kb3 Nf5 66.Ka4 Nd6 67.Ka5 Ke4 68.Ka6 Kd4 69.Ka5 Kxc4 70.Ka6 Kd5
71.Ka5 Kc6 72.Ka6 Nc8 73.Ka5 Nb6 74.Ka6 Bd6 75.Ka7 Bc7 76.Ka6 Bb8 77.Ka5 Nd5
78.Ka4 Kc5 79.Kb3 Nb4 80.Kc3 Bf4 81.Kb3 Be5 82.Ka4 Kc4 83.Ka5 Bc7+ 84.Ka4 Nd3
85.Ka3 Bb6 86.Ka4 Nb2+ 87.Ka3 Kc3 88.Ka2 Nc4 89.Kb1 Be3 90.Ka2 Kc2 91.Ka1 Bc5
92.Ka2 Ne5 93.Ka1 Nd3  0-1

[Event "5th DA Tan Malaysian Open"]
[Site "Kuala Lumpur MAS"]
[Date "2008.08.18"]
[Round "2"]
[White "Zhang Zhong"]
[Black "Novita,A"]
[Result "1-0"]
[WhiteElo "2632"]
[BlackElo "2358"]

1.e4 c5 2.Nf3 d6 3.d4 cxd4 4.Nxd4 Nf6 5.Nc3 a6 6.Be3 e6 7.f4 Be7 8.Be2 Qc7
9.Bf3 O-O 10.Qd2 Nc6 11.g4 Nd7 12.g5 Na5 13.b3 Rd8 14.O-O b5 15.Bg2 Bf8 16.a4 b4
17.Na2 Bb7 18.Nxb4 Nc5 19.f5 e5 20.Ne2 Nxe4 21.Bxe4 Bxe4 22.Nc3 d5 23.Nbxd5 Bxd5
24.Nxd5 Qc6 25.Rad1 Nb7 26.Qg2 Rac8 27.f6 Re8 28.Rf2 g6 29.Nb6 Qxg2+ 30.Kxg2 Rc6
31.Nc4 Nc5 32.Bxc5 Rxc5 33.Rfd2 e4 34.Rd5 e3 35.Rxc5 Bxc5 36.Kf3 h6 37.h4 hxg5
38.hxg5 a5 39.Ke2 Ba7 40.Rd7 Bc5 41.Rd5 Bb4 42.Nxa5 Bd2 43.Nc6 Re4 44.Rd4  1-0

[Event "U16 Olympiad"]
[Site "Mersin TUR"]
[Date "2008.08.18"]
[Round "2"]
[White "Shyam,SM"]
[Black "Repina,V"]
[Result "1-0"]
[WhiteElo "2312"]
[BlackElo "2201"]

1.e4 c5 2.Nf3 d6 3.d4 cxd4 4.Nxd4 Nf6 5.Nc3 a6 6.Be3 e5 7.Nb3 Be6 8.f3 Be7
9.Qd2 O-O 10.O-O-O Nbd7 11.g4 b5 12.g5 b4 13.Ne2 Ne8 14.f4 a5 15.f5 a4 16.Kb1 Bxb3
17.cxb3 axb3 18.axb3 Ra1+ 19.Kxa1 Qa8+ 20.Kb1 Qxe4+ 21.Qc2 Qxh1 22.f6 gxf6
23.Ng3 Qf3 24.Nf5 Bd8 25.Be2 Qb7 26.gxf6 Bxf6 27.Bh6 d5 28.Bh5 d4 29.Qe2 Kh8
30.Bf3 Qb6 31.Bxf8 Nxf8 32.Bd5 Ne6 33.Nh6 Qa7 34.Qh5 Nd6 35.Rc1 Qa6 36.Rc6 Qf1+
37.Ka2 Nf4 38.Nxf7+ Nxf7 39.Qxf7  1-0

[Event "U16 Olympiad"]
[Site "Mersin TUR"]
[Date "2008.08.18"]
[Round "2"]
[White "Nuri,Kam"]
[Black "Yilmaz,M"]
[Result "1/2-1/2"]
[WhiteElo "2168"]
[BlackElo "2362"]

1.e4 c5 2.Nf3 d6 3.d4 cxd4 4.Nxd4 Nf6 5.Nc3 a6 6.Be3 e5 7.Nb3 Be7 8.Qd2 O-O
9.O-O-O Be6 10.f4 Ng4 11.g3 Nxe3 12.Qxe3 Nd7 13.Kb1 b5 14.f5 Bc4 15.Bxc4 bxc4
16.Nd2 Nb6 17.Nf3 Qb8 18.Nd5 Bd8 19.Nxb6 Bxb6 20.Qd2 Bc5 21.f6 gxf6 22.Nh4 Re8
23.Nf5 Re6 24.Qe2 Kh8 25.Qxc4 Ra7 26.Rd3 Rb7 27.Rb3 Qa7 28.Qe2 Re8 29.Qd2 Rg8
30.Rd1 Rd7 31.Rd3 Qb8 32.Rd5 Rb7 33.b3 Bb4 34.c3 Ba3 35.Nxd6 Bxd6 36.Rxd6 Rb6
37.Rd8 Qb7 38.Rxg8+ Kxg8 39.Qd5 Rc6 40.Kc2 Kg7 41.a3 Qb6 42.Rd2 Rc7 43.Qd3 a5
44.c4 Qa6 45.Kc3 Qb6 46.Rb2 Qg1 47.b4 Qa1 48.Kc2 axb4 49.axb4 Qa4+ 50.Rb3 Rd7
51.Qc3 Qa8 52.b5 Qxe4+ 53.Kb2 Qe2+ 54.Ka3 Ra7+ 55.Kb4 e4 56.b6 Ra6 57.c5 Qa2
58.Ra3 Qb1+ 59.Rb3 Qa2 60.Ra3 Qb1+ 61.Qb3 Qe1+ 62.Kb5 Rxa3 63.Qxa3 e3 64.b7 e2
65.b8=Q Qb1+ 66.Qb4 Qxb4+ 67.Kxb4 e1=Q+ 68.Kc4 Qe4+ 69.Kc3 Qe3+ 70.Kc4 Qe4+
71.Kc3 Qe3+  1/2-1/2

[Event "U16 Olympiad"]
[Site "Mersin TUR"]
[Date "2008.08.18"]
[Round "3"]
[White "Georgiadis,N"]
[Black "Gaehwiler,G"]
[Result "0-1"]
[WhiteElo "1951"]
[BlackElo "2095"]

1.e4 c5 2.Nf3 d6 3.d4 cxd4 4.Nxd4 Nf6 5.Nc3 a6 6.Be3 e5 7.Nf3 Be7 8.Bc4 O-O
9.O-O Be6 10.Bb3 Nc6 11.Qe2 Rc8 12.Rfd1 b5 13.Rd2 Qc7 14.Rad1 Na5 15.Bg5 Nc4
16.Bxf6 Nxd2 17.Qxd2 Bxf6 18.Nd5 Bxd5 19.Qxd5 Qc6 20.c3 Qxd5 21.Rxd5 Rfd8
22.Kf1 Rc5 23.Ke2 a5 24.a3 Kf8 25.Kd3 Be7 26.Ba2 Rdc8 27.Rxc5 Rxc5 28.b4 axb4
29.axb4 Rc7 30.Bd5 Ra7 31.g3 Bd8 32.Nd2 Bg5 33.Nb3 Ra2 34.f4 exf4 35.Nd4 fxg3
36.Nc2 Rxc2 37.Kxc2 g2  0-1

[Event "5th DA Tan Malaysian Open"]
[Site "Kuala Lumpur MAS"]
[Date "2008.08.19"]
[Round "3"]
[White "Foo,Be"]
[Black "Nadig,K"]
[Result "0-1"]
[WhiteElo "1997"]
[BlackElo "2241"]

1.e4 c5 2.Nf3 d6 3.d4 cxd4 4.Nxd4 Nf6 5.Nc3 a6 6.Be3 Ng4 7.Bg5 h6 8.Bh4 g5
9.Bg3 Bg7 10.Be2 Ne5 11.Qd2 Nbc6 12.Nb3 O-O 13.h4 g4 14.f4 gxf3 15.gxf3 b5
16.Rg1 Kh7 17.Bf2 e6 18.O-O-O Nc4 19.Bxc4 bxc4 20.Qxd6 Qxd6 21.Rxd6 cxb3
22.Rxc6 Bxc3 23.bxc3 bxa2 24.Kb2 e5 25.Rf6 Rb8+ 26.Ka1 Be6 27.Be3 Rb1+ 28.Rxb1 axb1=Q+
29.Kxb1 Rb8+ 30.Ka1 Kg7 31.Rxh6 a5 32.c4 Rb4 33.Rh5 f6 34.f4 Bg4 35.Rf5 Bxf5
36.exf5 exf4 37.Bxf4 Rxc4 38.Bd2 Rxc2 39.Bxa5 Rc5 40.Bd2 Rxf5 41.Kb2 Rf2
42.Kc3 Rh2 43.Be1 Kg6 44.Kd3 Kf5 45.Ke3 Kg4 46.Bf2 f5 47.Ke2 f4 48.Ke1 Kf3
49.Bd4 Rxh4 50.Kd2 Kg2 51.Ke2 f3+ 52.Ke1 Re4+  0-1

[Event "5th DA Tan Malaysian Open"]
[Site "Kuala Lumpur MAS"]
[Date "2008.08.19"]
[Round "3"]
[White "Schon,E"]
[Black "Kadek,I"]
[Result "1-0"]
[WhiteElo "2042"]
[BlackElo "1838"]

1.e4 c5 2.Nf3 d6 3.d4 cxd4 4.Nxd4 Nf6 5.Nc3 a6 6.Be3 e5 7.Nb3 Be6 8.f3 Nbd7
9.g4 h6 10.Qd2 b5 11.O-O-O Nb6 12.Na5 Qc7 13.Bxb6 Qxb6 14.Nd5 Bxd5 15.exd5 Rc8
16.b4 Qc7 17.c4 Be7 18.Kb2 bxc4 19.Bxc4 Qb6 20.Nc6 Nd7 21.Qd3 Bf6 22.Kc2 Nb8
23.Nxb8 Rxb8 24.a3 a5 25.Rb1 Ke7 26.Rhe1 Rhc8 27.Re4 Rc7 28.Qe2 Rbc8 29.Kb3 axb4
30.axb4 Ra8 31.Rb2 Rca7 32.Kc2 Rc8 33.Qf1 Qb5 34.Kd2 Qa4 35.Qb1 Bg5+ 36.Ke2 Rb7
37.Kf2 Qa7+ 38.Kg2 Rbc7 39.Qd3 Qb6 40.Qe2 Ra8 41.f4 Bf6 42.Rb1 Rca7 43.Qb2 Kd8
44.Rbe1 Re7 45.Ra1 Rb8 46.Rb1 exf4 47.Qe2 Rxe4 48.Qxe4 Qe3 49.Qxe3 fxe3 50.Kf3 Bd4
51.b5 Kc7 52.Ke4 Re8+ 53.Kxd4 Kb6 54.Re1 Re7 55.Rxe3 Rc7 56.Ra3 Kb7 57.Ra6 Rd7
58.Rc6 g6 59.Bd3 Rd8 60.b6 Rd7 61.h4 g5 62.hxg5 hxg5 63.Ke4 Re7+ 64.Kf3 Rd7
65.Be4 f6 66.Ke3 Rd8 67.Kd4 Rd7 68.Bf5 Rd8 69.Be6  1-0

[Event "U16 Olympiad"]
[Site "Mersin TUR"]
[Date "2008.08.19"]
[Round "4"]
[White "Grillon,A"]
[Black "Straka,Jo"]
[Result "1-0"]
[WhiteElo "2042"]
[BlackElo "2122"]

1.e4 c5 2.Nf3 d6 3.d4 cxd4 4.Nxd4 Nf6 5.Nc3 a6 6.Be3 e6 7.Be2 Be7 8.g4 Nc6
9.g5 Nd7 10.h4 Qc7 11.Qd2 b5 12.a3 Bb7 13.Nxc6 Qxc6 14.O-O-O Rc8 15.Kb1 Nc5
16.f3 Na4 17.Bd4 Rg8 18.Rc1 Bd8 19.Rhd1 a5 20.Nd5 Qxd5 21.Qc3 Ke7 22.Bd3 Qf5
23.Bxg7 Qxf3 24.Qd4 Bxe4 25.Bf6+ Ke8 26.Qxa4 Bxd3 27.Rxd3 Qd5  1-0

[Event "44th Rubinstein Mem Open A"]
[Site "Polanica Zdroj POL"]
[Date "2008.08.19"]
[Round "1"]
[White "Toma,K"]
[Black "Chrzaszcz,M"]
[Result "1-0"]
[WhiteElo "2212"]
[BlackElo "1986"]

1.e4 c5 2.Nf3 d6 3.d4 cxd4 4.Nxd4 Nf6 5.Nc3 a6 6.Be3 e5 7.Nf3 Be7 8.Bc4 Be6
9.Bb3 O-O 10.O-O Qc7 11.a4 Nc6 12.Bg5 Ne8 13.Re1 Rc8 14.Nd5 Bxd5 15.Bxd5 Bxg5
16.Nxg5 Nf6 17.c3 Ne7 18.Bb3 Qb6 19.Re2 Ng6 20.g3 Qc6 21.Qd3 h6 22.Nf3 Rcd8
23.Rd1 Kh8 24.Ne1 Ne7 25.Qc2 Nh7 26.Ng2 f5 27.exf5 Nxf5 28.Bd5 Qc8 29.Qb3 Ng5
30.h4 Nh3+ 31.Kh2 Rf6 32.Qxb7 Qxb7 33.Bxb7  1-0

[Event "44th Rubinstein Mem Open A"]
[Site "Polanica Zdroj POL"]
[Date "2008.08.19"]
[Round "1"]
[White "Szoen,D"]
[Black "Tokarski,B"]
[Result "0-1"]
[WhiteElo "2477"]
[BlackElo "2157"]

1.e4 c5 2.Nc3 d6 3.Nf3 Nf6 4.d4 cxd4 5.Nxd4 a6 6.Be3 e5 7.Nb3 Be6 8.f4 Qc7
9.f5 Bc4 10.Qf3 Nbd7 11.O-O-O b5 12.g4 b4 13.Nd5 Nxd5 14.exd5 Rc8 15.Kb1 Bxf1
16.Rhxf1 a5 17.Rf2 a4 18.Nc1 a3 19.Nd3 axb2 20.g5 Qa5 21.Qe4 Rb8 22.Nxb2 Be7
23.Qd3 Ra8 24.Qb3 Nc5 25.Bxc5 Qxc5 26.Nd3 Qd4 27.f6 gxf6 28.gxf6 Bd8 29.Re1 Ra3
30.Qxb4 Rxd3 31.Qxd6 Rd1+ 32.Rxd1 Qxd1+ 33.Kb2 Qd4+ 34.Kc1 Qa1+ 35.Kd2 Ba5+  0-1

[Event "23rd Open"]
[Site "Schwarzach AUT"]
[Date "2008.08.19"]
[Round "4"]
[White "Schulenburg,F"]
[Black "Grandelius,N"]
[Result "1-0"]
[WhiteElo "2163"]
[BlackElo "2366"]

1.e4 c5 2.Nf3 d6 3.d4 cxd4 4.Nxd4 Nf6 5.Nc3 a6 6.Be3 e5 7.Nb3 Be6 8.Be2 Be7
9.O-O O-O 10.a4 Nbd7 11.Qe1 Nb6 12.Rd1 Qc7 13.Bc1 Rfd8 14.Kh1 d5 15.a5 Nc4
16.exd5 Nxd5 17.Nxd5 Bxd5 18.Bd3 Qc6 19.f3 Rac8 20.Qg3 Bf6 21.Rde1 Re8 22.Nd2 Nxd2
23.Bxd2 Bc4 24.Bc3 Bxd3 25.cxd3 Qd6 26.Re3 h6 27.d4 Qd5 28.dxe5 Qc4 29.Ra1 Bh4
30.Qh3 Bf2 31.Re4 Qd3 32.e6 fxe6 33.Qg4 Re7 34.Bxg7 Kh7 35.Bd4 Qd2 36.Bxf2 Qxf2
37.Rxe6 Rxe6 38.Qxe6 Rc2 39.Qe7+ Kh8 40.Qe5+ Kh7 41.Qf5+ Kh8 42.Qg4 Qd2 43.h4 Rxb2
44.f4 Qc2 45.Kh2 Rb1 46.Rxb1 Qxb1 47.Qc8+ Kg7 48.Qc7+ Kg6 49.Qe5 Qc2 50.h5+ Kf7
51.Qd5+ Kf8 52.Qxb7 Qf2 53.Qc8+ Ke7 54.Qc7+ Kf8 55.Qd6+ Kf7 56.Qg6+ Ke7 57.Qg3 Qc5
58.Qg7+ Kd8 59.Qxh6 Qxa5 60.Qf8+ Kd7 61.Qf7+ Kd8 62.h6 Qe1 63.Qf6+ Kd7 64.h7 a5
65.h8=Q a4 66.Qhg7+ Ke8 67.Qff8+  1-0

[Event "5th DA Tan Malaysian Open"]
[Site "Kuala Lumpur MAS"]
[Date "2008.08.20"]
[Round "5"]
[White "Schon,E"]
[Black "Zakaria,F"]
[Result "0-1"]
[WhiteElo "2042"]
[BlackElo "2220"]

1.e4 c5 2.Nf3 d6 3.d4 cxd4 4.Nxd4 Nf6 5.Nc3 a6 6.Be3 e5 7.Nb3 Be6 8.f3 Be7
9.Qd2 Nbd7 10.g4 Qc7 11.O-O-O b5 12.g5 Nh5 13.Nd5 Bxd5 14.exd5 Bd8 15.f4 Nxf4
16.h4 Nh5 17.Qf2 Rc8 18.Rd2 Nb6 19.Be2 g6 20.Bxh5 gxh5 21.Bxb6 Qxb6 22.Qf3 O-O
23.Rg2 Rc4 24.Qxh5 Qe3+ 25.Kb1 Qe4 26.Rhh2 Bb6 27.Qd1 Qf5 28.Rh1 Rfc8 29.h5 Bf2
30.Na1 Rh4 31.Rxh4 Bxh4 32.Qg1 Rc4 33.Nb3 Re4 34.Nc1 Re1 35.Qb6 Rxc1+ 36.Kxc1 Qf1+
37.Kd2 Qxg2+ 38.Kc3 Be1+ 39.Kd3 e4+  0-1

[Event "5th DA Tan Malaysian Open"]
[Site "Kuala Lumpur MAS"]
[Date "2008.08.20"]
[Round "5"]
[White "Tan,Ju1"]
[Black "Foo,Be"]
[Result "0-1"]
[WhiteElo "2281"]
[BlackElo "1997"]

1.e4 c5 2.Nf3 d6 3.d4 cxd4 4.Nxd4 Nf6 5.Nc3 a6 6.Be3 e6 7.f3 Be7 8.Qd2 b5
9.O-O-O O-O 10.g4 b4 11.Nce2 d5 12.g5 Ne8 13.h4 Nc7 14.Kb1 e5 15.Nf5 d4 16.Bf2 Nb5
17.f4 Bxf5 18.exf5 Qa5 19.f6 Nc3+ 20.Nxc3 bxc3 21.bxc3 dxc3 22.Qd5 Rd8  0-1

[Event "5th DA Tan Malaysian Open"]
[Site "Kuala Lumpur MAS"]
[Date "2008.08.20"]
[Round "6"]
[White "Gu Xiaobing"]
[Black "Xiu,D"]
[Result "0-1"]
[WhiteElo "2286"]
[BlackElo "2410"]

1.e4 c5 2.Nf3 d6 3.d4 cxd4 4.Nxd4 Nf6 5.Nc3 a6 6.Be3 e5 7.Nb3 Be7 8.Qd2 Be6
9.O-O-O Nbd7 10.f4 b5 11.f5 Bc4 12.Kb1 Qc7 13.a3 Rb8 14.Nd5 Nxd5 15.exd5 Nf6
16.Qc3 Bd8 17.Bxc4 bxc4 18.Nc5 Qc8 19.g4 Rb5 20.g5 Rxc5 21.Bxc5 Ne4 22.Qxc4 Nxc5
23.b4 Qb7 24.Ka2 Nd7 25.Qc6 Qb6 26.h4 Ke7 27.Rh3 Bc7 28.Rc3 Qxc6 29.Rxc6 Bb6
30.c4 Bf2 31.c5 Ra8 32.Rxd6 e4 33.Rd2 e3 34.Rd4 Re8 35.Re4+ Kd8 36.Rxe8+ Kxe8
37.c6 Nb6 38.c7 Bg3 39.Rd8+ Ke7 40.d6+ Bxd6 41.f6+ gxf6 42.gxf6+ Ke6 43.c8=Q+ Nxc8
44.Rxc8 Kxf6 45.Rc2 Ke5 46.Kb3 Kd4 47.Rc4+ Kd3 48.Rc3+ Kd4 49.Rc4+ Kd5 50.Rc2 f5
51.a4 f4 52.b5 axb5 53.a5 f3 54.a6 Bb8 55.Rc8 e2 56.Rd8+ Kc6  0-1

[Event "U16 Olympiad"]
[Site "Mersin TUR"]
[Date "2008.08.20"]
[Round "5"]
[White "Csiba,D"]
[Black "Bodnaruk,A"]
[Result "0-1"]
[WhiteElo "2157"]
[BlackElo "2394"]

1.e4 c5 2.Nf3 d6 3.d4 cxd4 4.Nxd4 Nf6 5.Nc3 a6 6.Be3 e5 7.Nb3 Be6 8.f3 Nbd7
9.Qd2 b5 10.O-O-O Be7 11.g4 b4 12.Ne2 a5 13.g5 a4 14.gxf6 axb3 15.fxe7 Qc7
16.a3 bxa3 17.bxa3 Rxa3 18.Nd4 Ra1+ 19.Kb2 Ra2+ 20.Kb1 bxc2+ 21.Nxc2 Kxe7
22.Bd3 Nf6 23.Kc1 Rb8 24.Qc3 Qxc3  0-1

[Event "U16 Olympiad"]
[Site "Mersin TUR"]
[Date "2008.08.20"]
[Round "5"]
[White "Georgiadis,N"]
[Black "Sen,S"]
[Result "1/2-1/2"]
[WhiteElo "1951"]
[BlackElo "2050"]

1.e4 c5 2.Nf3 d6 3.d4 cxd4 4.Nxd4 Nf6 5.Nc3 a6 6.Be3 e5 7.Nf3 Be7 8.Bc4 O-O
9.O-O Be6 10.Bb3 Nc6 11.Bg5 Na5 12.Bxf6 Bxf6 13.Nd5 Nxb3 14.axb3 Be7 15.Re1 g5
16.Ne3 g4 17.Nd2 h5 18.Ndf1 Bg5 19.Qe2 Qf6 20.Red1 Rad8 21.Nd5 Qg6 22.Ra4 Kh8
23.Rc4 Rc8 24.Rxc8 Rxc8 25.Nc3 Rc6 26.Ne3 b5 27.Ned5 Bxd5 28.Nxd5 f5 29.Nb4 Rb6
30.Nd5 Rc6 31.Nb4 Rb6 32.Nd5 Rb8 33.exf5 Qxf5 34.Nc3 Rd8 35.Qe4 Qxe4 36.Nxe4 Be7
37.Rd5 Kg8 38.Kf1 Kf7 39.Ke2 Ke6 40.Rd1 d5 41.Ng3 h4 42.Nf1 d4 43.Nd2 Rc8
44.Kd3 Rg8 45.Ra1 Ra8 46.Ne4 a5 47.Nd2 Ra7 48.Ne4 a4 49.bxa4 bxa4 50.c3 dxc3
51.Nxc3 a3 52.bxa3 Rxa3 53.Rxa3 Bxa3 54.Ke4  1/2-1/2

[Event "Open A"]
[Site "Vladimir RUS"]
[Date "2008.08.20"]
[Round "8"]
[White "Timofeev,M"]
[Black "Maximov,An"]
[Result "1-0"]
[WhiteElo "1876"]
[BlackElo "2146"]

1.e4 c5 2.Nf3 d6 3.d4 cxd4 4.Nxd4 Nf6 5.Nc3 a6 6.Be3 Ng4 7.Bg5 h6 8.Bh4 g5
9.Bg3 Bg7 10.Be2 Ne5 11.O-O Nbc6 12.Kh1 Nxd4 13.Qxd4 O-O 14.f4 gxf4 15.Bxf4 Be6
16.Qd2 Kh7 17.Nd5 Rc8 18.c3 Rc5 19.Be3 Nc4 20.Bxc4 Rxc4 21.Bb6 Qd7 22.Qd3 Rc6
23.Bd4 f6 24.Rf3 Bf7 25.Rg3 e5 26.Be3 Bg6 27.Rf1 b5 28.Bxh6 Bxh6 29.Nxf6+ Rxf6
30.Rxf6 Bh5 31.Qd5 Bg7 32.Rf5 Bg6 33.Rfg5 Rc5 34.Qd1 Bxe4 35.Rxg7+ Qxg7 36.Rxg7+ Kxg7
37.Qg4+ Bg6 38.Qd7+ Bf7 39.h4 Rd5 40.h5 e4 41.Qg4+ Kf6 42.Qf4+ Rf5 43.Qxd6+ Kg5
44.Qd2+ Kg4 45.Qe2+ Kf4 46.g4 Rf6 47.Kg2 Bd5 48.Qf2+ Kg5 49.Qc5  1-0

[Event "44th Rubinstein Mem Open A"]
[Site "Polanica Zdroj POL"]
[Date "2008.08.21"]
[Round "3"]
[White "Chlost,M"]
[Black "Kadziolka,B"]
[Result "0-1"]
[WhiteElo "2131"]
[BlackElo "2313"]

1.e4 c5 2.Nf3 d6 3.d4 cxd4 4.Nxd4 Nf6 5.Nc3 a6 6.Be3 e5 7.Nf3 Qc7 8.a4 Be7
9.Be2 O-O 10.O-O Be6 11.Bg5 Nbd7 12.Nh4 Rac8 13.Bf3 g6 14.g3 b5 15.axb5 axb5
16.Nxb5 Qb6 17.Na3 Qxb2 18.Qe2 Rfe8 19.Rfb1 Qc3 20.Ng2 d5 21.Bd2 Qc6 22.exd5 Bxd5
23.Bxd5 Nxd5 24.c4 Nc7 25.Nb5 Ne6 26.Ra7 Bc5 27.Qd3 Bxa7 28.Nxa7 Qxc4 29.Qxd7 Rcd8
30.Qb7 Rxd2 31.Ne3 Qe2 32.Rf1 Nd4 33.h3 Nf3+ 34.Kg2 e4 35.Ng4 Qxf1+  0-1

[Event "23rd Open"]
[Site "Schwarzach AUT"]
[Date "2008.08.21"]
[Round "6"]
[White "Schulenburg,F"]
[Black "Jens,J"]
[Result "1/2-1/2"]
[WhiteElo "2163"]
[BlackElo "2397"]

1.e4 c5 2.Nf3 d6 3.d4 cxd4 4.Nxd4 Nf6 5.Nc3 a6 6.Be3 e5 7.Nb3 Be6 8.Be2 Be7
9.O-O Nbd7 10.Qe1 b5 11.Rd1 Qc7 12.Bd3 Nb6 13.f4 O-O 14.Kh1 Nc4 15.Bc1 Rfd8
16.f5 Bc8 17.Nd5 Nxd5 18.exd5 Bf6 19.Be4  1/2-1/2

[Event "ch-SLO w"]
[Site "Ljubljana SLO"]
[Date "2008.08.22"]
[Round "7"]
[White "Novak,Ks"]
[Black "Topic,Je"]
[Result "1-0"]
[WhiteElo "2176"]
[BlackElo "1866"]

1.e4 c5 2.Nf3 d6 3.d4 cxd4 4.Nxd4 Nf6 5.Nc3 a6 6.Be3 e5 7.Nb3 Be6 8.f3 h5
9.Qd2 Nbd7 10.a4 Be7 11.Be2 Qc7 12.a5 Rc8 13.O-O O-O 14.Rac1 Nc5 15.Nd5 Bxd5
16.exd5 Nxb3 17.cxb3 Qd7 18.Rc3 Bd8 19.b4 b5 20.axb6 Rxc3 21.bxc3 Qb7 22.c4 Bxb6
23.c5 dxc5 24.bxc5 Ba7 25.c6 Qc7 26.Bc4 Rd8 27.Bxa7 Qxa7+ 28.Qf2 Qc7 29.Qc5 e4
30.Rd1 Rd6 31.Rb1 exf3 32.Rb7 f2+ 33.Kf1 Ne4 34.Qe3 Qa5 35.Qxe4  1-0

[Event "U16 Olympiad"]
[Site "Mersin TUR"]
[Date "2008.08.22"]
[Round "7"]
[White "Nuri,Kam"]
[Black "Kavinda,A"]
[Result "1/2-1/2"]
[WhiteElo "2168"]
[BlackElo "2029"]

1.e4 c5 2.Nf3 d6 3.d4 cxd4 4.Nxd4 Nf6 5.Nc3 a6 6.Be3 e5 7.Nb3 Be6 8.Qd2 Nbd7
9.O-O-O b5 10.f4 Be7 11.f5 Bc4 12.Kb1 Rb8 13.Rg1 a5 14.Nd5 Bxd5 15.exd5 b4
16.g4 a4 17.Nc1 a3 18.Nb3 axb2 19.Qd3 Rc8 20.Bd2 Qc7 21.Bxb4 Nxd5 22.Ba5 Nc3+
23.Bxc3 Qxc3 24.Qxc3 Rxc3 25.Kxb2 Rc7 26.Bb5 O-O 27.Bxd7 Rxd7 28.Rd5 Rc7
29.g5 Rfc8 30.Rg2 f6 31.gxf6 Bxf6 32.Rxd6 Kf7 33.a4 e4+ 34.Kb1 Rc4 35.a5 Ra4
36.Re2 Rb8 37.Kc1 Bg5+ 38.Kb1 Bf6 39.Kc1 Bg5+ 40.Kb1  1/2-1/2

[Event "44th Rubinstein Mem Open A"]
[Site "Polanica Zdroj POL"]
[Date "2008.08.22"]
[Round "4"]
[White "Zysko,J"]
[Black "Wierzbicka,W"]
[Result "0-1"]
[WhiteElo "2148"]
[BlackElo "2033"]

1.e4 c5 2.Nf3 d6 3.d4 cxd4 4.Nxd4 Nf6 5.Nc3 a6 6.Be3 e5 7.Nf3 Be7 8.Bc4 O-O
9.O-O Be6 10.Bxe6 fxe6 11.Na4 Ng4 12.Qd3 Nxe3 13.Qxe3 Nd7 14.Qb3 Rf6 15.Qxb7 Qe8
16.Nd2 Rh6 17.Rfe1 Nf6 18.b3 Nh5 19.Nf1 Nf4 20.Nb2 Rb8 21.Qxa6 Qg6 22.Ng3 Rf8
23.Qf1 Bh4 24.Re3 Bxg3 25.Rxg3 Qh5 26.h3 Ne2+ 27.Kh2 Nxg3 28.Kxg3 Qh4+ 29.Kh2 Rxf2
30.Qd3 Rg6 31.Rg1 Qf4+ 32.Kh1 Rg3 33.a4 Rxd3 34.Nxd3 Qd2 35.Nxf2 Qxf2 36.a5 Qxc2
37.a6 Qa2  0-1

[Event "GM"]
[Site "Vienna AUT"]
[Date "2008.08.22"]
[Round "7"]
[White "Kreisl,R"]
[Black "Giri,A"]
[Result "1-0"]
[WhiteElo "2337"]
[BlackElo "2430"]

1.e4 c5 2.Nf3 d6 3.d4 cxd4 4.Nxd4 Nf6 5.Nc3 a6 6.Be3 e6 7.Be2 Nbd7 8.a4 b6
9.f4 Bb7 10.Bf3 Rc8 11.e5 Bxf3 12.Nxf3 Ng4 13.Bd4 dxe5 14.fxe5 Bc5 15.Ne4 O-O
16.Nxc5 bxc5 17.Bc3 Ne3 18.Qe2 Nd5 19.Qxa6 Nxc3 20.bxc3 c4 21.Qa7 Nb6 22.a5 Nd5
23.Qd4 Ra8 24.a6 Nc7 25.Qxc4 Qb8 26.O-O Qb6+ 27.Qd4 Rxa6 28.Rxa6 Qxa6 29.Ng5 Qa3
30.Qe4 Qc5+ 31.Kh1 f5 32.Qd4 Qe7 33.Qd6 Qxg5 34.Qxc7 f4 35.Qd6 Qg4 36.h3 Qg6
37.c4 f3 38.Rxf3 Rxf3 39.gxf3 Qf5 40.Qb8+ Kf7 41.Qb7+ Kg6 42.Qe4 Qxe4 43.fxe4 Kf7
44.h4 g6 45.h5 gxh5 46.Kh2 Ke7 47.Kh3 Kd7 48.Kh4 Kc6 49.Kxh5 Kc5 50.Kg5 Kxc4
51.Kf6 h5 52.Kxe6 h4 53.Kd6 h3 54.e6 h2 55.e7 h1=Q 56.e8=Q Kc3 57.Qc6+ Kb2
58.e5 Qh6+ 59.e6 Qd2+ 60.Kc7 Qh2+ 61.Kd7 Qh3 62.Qc4 Kc1 63.Qd3 Qg4 64.c4 Kb2
65.c5 Ka1 66.c6 Qa4 67.e7 Qa7+ 68.c7 Qa4+ 69.Kd8 Qa8+ 70.c8=Q Qa5+ 71.Qc7 Qa8+
72.Kd7 Qa4+ 73.Qc6 Qa7+ 74.Ke6 Qa2+ 75.Qcc4 Qb3 76.Qc3+  1-0

[Event "5th DA Tan Malaysian Open"]
[Site "Kuala Lumpur MAS"]
[Date "2008.08.23"]
[Round "9"]
[White "Schon,E"]
[Black "Gu Xiaobing"]
[Result "0-1"]
[WhiteElo "2042"]
[BlackElo "2286"]

1.e4 c5 2.Nf3 d6 3.d4 cxd4 4.Nxd4 Nf6 5.Nc3 a6 6.Be3 e5 7.Nb3 Be6 8.f3 Nbd7
9.Qd2 b5 10.O-O-O Be7 11.g4 Nb6 12.Qf2 Nfd7 13.Nd5 Bxd5 14.exd5 Nc4 15.Bxc4 bxc4
16.Nd2 Qc7 17.c3 O-O 18.Ne4 Rab8 19.Rhg1 Rb5 20.g5 Qa5 21.a3 Rxd5 22.Rde1 Rd3
23.Qh4 Rb8 24.Re2 Kh8 25.Qh3 Rxe3 26.Rxe3 Qb6 27.Ree1 Qxb2+ 28.Kd1 Nc5 29.Rg2 Qb1+
30.Ke2 Qd3+ 31.Kf2 Ne6 32.Qf5 Nf4 33.Rg4 Rb2+ 34.Kg3 Rg2+  0-1

[Event "5th DA Tan Malaysian Open"]
[Site "Kuala Lumpur MAS"]
[Date "2008.08.23"]
[Round "9"]
[White "Wang Li"]
[Black "Nadig,K"]
[Result "1-0"]
[WhiteElo "2392"]
[BlackElo "2241"]

1.e4 c5 2.Nf3 d6 3.d4 cxd4 4.Nxd4 Nf6 5.Nc3 a6 6.Be3 Ng4 7.Bg5 h6 8.Bh4 g5
9.Bg3 Bg7 10.Be2 h5 11.Bxg4 hxg4 12.Nf5 Bxf5 13.exf5 Qa5 14.O-O Bxc3 15.bxc3 Qxf5
16.Re1 Rh6 17.Rb1 b5 18.Rb4 Re6 19.Rxe6 Qxe6 20.Rxg4 f6 21.h4 gxh4 22.Rxh4 Nd7
23.Qf3 d5 24.Rh5 Rc8 25.Rxd5 Rxc3 26.Qh5+ Kf8 27.Bf4 Qf7 28.Qh8+ Qg8 29.Qxg8+ Kxg8
30.Rxd7 Rxc2 31.Rd2 Rc1+ 32.Kh2 Kf7 33.Be3 Rc3 34.Kg3 e5 35.Kf3 Ke6 36.Ke2 f5
37.Rb2 f4 38.Bd2 Rc4 39.Rb4 Rc6 40.a4 bxa4 41.Rxa4 Kf5 42.Ra5 Ke4 43.f3+ Kf5
44.Kd3 Rd6+ 45.Kc2 Rg6 46.Bc3 Rxg2+ 47.Kd3 Rf2 48.Rxe5+ Kg6 49.Ke4 Rc2 50.Bd4 Rc4
51.Ra5 Rb4 52.Rxa6+ Kg5 53.Ra8 Rc4 54.Rg8+ Kh5 55.Rg4 Rc1 56.Rxf4 Kg6 57.Rf6+ Kh7
58.f4 Re1+ 59.Kf5 Rf1 60.Be5 Kg7 61.Ra6+ Kf7 62.Ra7+ Kg8 63.Ke6 Rb1 64.Ra8+ Kh7
65.Kf5  1-0

[Event "5th DA Tan Malaysian Open"]
[Site "Kuala Lumpur MAS"]
[Date "2008.08.23"]
[Round "9"]
[White "Foo,Be"]
[Black "Baba,M"]
[Result "0-1"]
[WhiteElo "1997"]
[BlackElo "2225"]

1.e4 c5 2.Nf3 d6 3.d4 cxd4 4.Nxd4 Nf6 5.Nc3 a6 6.Be3 e5 7.Nb3 Be6 8.f3 Be7
9.Qd2 O-O 10.O-O-O Nbd7 11.g4 b5 12.Kb1 Qc7 13.h4 b4 14.Nd5 Bxd5 15.exd5 a5
16.h5 a4 17.Nc1 Rfc8 18.Qf2 Ra5 19.g5 Nxd5 20.Bd3 Nxe3 21.Qxe3 Nf8 22.Rdg1 d5
23.Rg4 Bc5 24.Qe2 Bd4 25.Qd2 Bc3 26.Qg2 e4 27.bxc3 bxc3 28.g6 Qb6+ 29.Nb3 axb3
30.gxh7+ Kh8 31.cxb3 exd3 32.h6 g6 33.Qh2 c2+ 34.Kb2 Qf6+  0-1

[Event "U16 Olympiad"]
[Site "Mersin TUR"]
[Date "2008.08.23"]
[Round "9"]
[White "Petenyi,T"]
[Black "Uzun,S"]
[Result "1-0"]
[WhiteElo "2288"]
[BlackElo "1988"]

1.e4 c5 2.Nf3 d6 3.d4 cxd4 4.Nxd4 Nf6 5.Nc3 a6 6.Be3 e5 7.Nf3 h6 8.Bc4 Be7
9.Qd3 Nbd7 10.h3 b5 11.Bd5 Nxd5 12.Nxd5 Bb7 13.O-O-O Bxd5 14.Qxd5 O-O 15.Qd3 Qa5
16.Kb1 Rab8 17.Rd2 Rfc8 18.Nh2 b4 19.Qe2 Rb5 20.Qg4 Qc7 21.Bxh6 Bf8 22.f3 Nc5
23.Qg3 Na4 24.Ng4 Qd8 25.h4 Nc3+ 26.Kc1 b3 27.a3 bxc2 28.bxc3 Rb1+ 29.Kxc2 Rxh1
30.Kd3 Qa5 31.Rc2 Qb5+ 32.Ke3 Qb1 33.Nf6+ Kh8 34.Qg4 Re1+ 35.Kf2 Qxc2+ 36.Kg3 g5
37.Qxg5  1-0

[Event "44th Rubinstein Mem Open A"]
[Site "Polanica Zdroj POL"]
[Date "2008.08.23"]
[Round "5"]
[White "Zakoscielna,K"]
[Black "Chrzaszcz,M"]
[Result "1-0"]
[WhiteElo "2125"]
[BlackElo "1986"]

1.e4 c5 2.Nf3 d6 3.d4 cxd4 4.Nxd4 Nf6 5.Nc3 a6 6.Be3 e5 7.Nb3 Be6 8.Qd2 Be7
9.f4 Qc7 10.O-O-O Nbd7 11.h3 b5 12.f5 Bc4 13.Kb1 b4 14.Nd5 Nxd5 15.exd5 a5
16.g4 a4 17.Nc1 Nf6 18.Qxb4 Bxf1 19.Rhxf1 O-O 20.Ne2 Rfb8 21.Qa3 Ra5 22.Nc3 Qc4
23.Rg1 Rba8 24.Bg5 h6 25.Bxf6 Bxf6 26.Rge1 Bd8 27.Qxd6 a3 28.Re4 Qc8 29.Qc6 Qb8
30.Qe8+ Kh7 31.b3 Qc8 32.Rc4  1-0

[Event "2nd Euwe Stimulans"]
[Site "Sao Paulo BRA"]
[Date "2008.08.23"]
[Round "2"]
[White "Zhao Zong Yuan"]
[Black "Watanabe,A"]
[Result "1-0"]
[WhiteElo "2561"]
[BlackElo "2353"]

1.e4 c5 2.Nf3 d6 3.d4 cxd4 4.Nxd4 Nf6 5.Nc3 a6 6.Be3 e6 7.Qd2 Nc6 8.O-O-O Be7
9.f3 O-O 10.g4 Nxd4 11.Qxd4 b5 12.g5 Nd7 13.h4 Ne5 14.f4 Nc6 15.Qd2 b4 16.Na4 Rb8
17.Kb1 Qc7 18.h5 d5 19.exd5 exd5 20.g6 d4 21.Bf2 Bf5 22.gxf7+ Kh8 23.h6 Bf6
24.hxg7+ Bxg7 25.Nc5 Qxf7 26.Bd3 Qd5 27.Nb3 a5 28.Bxf5 Rxf5 29.Nxd4 Rd8 30.Nxf5 Qxd2
31.Rxd2 Rxd2 32.Be3 Re2 33.Bc1 Nd4 34.Rd1 Ne6 35.Ng3 Rg2 36.Ne4 Re2 37.Ng5 Bf6
38.a3 Bxg5 39.fxg5 Re5 40.axb4 axb4 41.b3 Kg8 42.Rg1 Rb5 43.Kb2 Kf7 44.c3 bxc3+
45.Kxc3 Rc5+ 46.Kb2 Rb5 47.Bd2 Nd4 48.b4 Ke6 49.Rf1 Kd5 50.Rf7 Kc4 51.Rxh7 Nf3
52.Rc7+ Kd3 53.Rc5  1-0